| 000 | 00677nam a2200193 a 4500 | ||
|---|---|---|---|
| 005 | 20241129063740.0 | ||
| 008 | 991125s1994 mx 000 0 eng u | ||
| 020 | _a9706205411 | ||
| 035 | _aUPN01000006364 | ||
| 049 | _aCG | ||
| 050 | 4 |
_aHF1482.5 E7 _bC34 |
|
| 245 | 0 | 0 |
_aCambios en las relaciones económicas México-Estados Unidos : _bmás allá de la frontera / _ccoord. Paul Ganster. |
| 260 |
_aMéxico : _bANUIES : _bPROFMEX, _c1994. |
||
| 300 | _a395 p. | ||
| 651 | 4 |
_aEstados Unidos _xRelaciones económicas extranjeras _zMéxico _96207 |
|
| 651 | 4 |
_aMéxico _xRelaciones económicas extranjeras _zEstados Unidos _919642 |
|
| 700 | 1 |
_aGanster, Paul, _ecoord. |
|
| 905 | _aLibro | ||
| 999 |
_c6364 _d6364 |
||